[Event "Moscow Aeroflot op-A"]
[Site "Moscow"]
[Date "2004.02.23"]
[Round "7"]
[White "Khenkin, Igor"]
[Black "Spraggett, Kevin"]
[Result "1-0"]
[WhiteElo "2611"]
[BlackElo "2536"]
[Annotator "Roiz,M"]
[PlyCount "81"]
[EventDate "2004.02.17"]
[EventType "swiss"]
[EventRounds "9"]
[EventCountry "RUS"]
[SourceTitle "CBM 100"]
[Source "ChessBase"]
[SourceDate "2004.06.01"]
[SourceVersion "1"]
[SourceVersionDate "2004.06.01"]
[SourceQuality "1"]

1. d4 f5 2. Nf3 Nf6 3. g3 g6 4. c4 c6 5. Bg2 Bg7 6. b4 {That original move is
a known way of avoiding main theoretical lines of Dutch Defence which can
arise after 6.0-0 0-0 7.Nc3.} O-O 7. Bb2 d6 ({another option of black is:} 7...
d5 {with a solid pawn structure like in the ''stone-wall'' system.}) 8. O-O Na6
{The most popular continuation.The knight is going to c7 via a6 in order to
take control on important squares e6 and d5.That is a standard transfer in
Dutch Defence.} ({Besides,black has a large choice of possibilities:} 8... Qe8
9. Nbd2 Na6 (9... h6 10. Qc2 Na6 11. Bc3 Nc7 12. a4 g5 13. b5 Bd7 14. e3 a6 15.
bxc6 Bxc6 16. d5 Bd7 17. a5 $16 {Sadler,M-Kindermann,S/Bern Cup sp 1996/1-0 
(30)}) (9... Nbd7 10. Qb3 Kh8 11. Ng5 e5 12. d5 {[%csl Ge6]}) (9... Ne4 $6 10.
Nxe4 fxe4 11. Nd2 d5 12. cxd5 cxd5 13. Qb3 e6 14. f3) 10. Qb3 Nc7 (10... h6 11.
Rae1 Qf7 12. e4 fxe4 13. Nxe4 Bf5 14. Nxf6+ exf6 15. b5 $36 {1-0 Nielsen,
P-Lapshun,Y/New York 2000/CBM 76 ext (42)}) 11. Rae1 $6 {[%cal Ge2e4] White
easly gets clear advantage playing on the queenside[see game Sadler-Kindermann,
Bern,1996-9...h6]} b5 12. cxb5+ Be6 13. Qc2 Nxb5 14. Ng5 {Delemarre,
J-Croonenborghs,T/EUCup G3 1997/1-0(56)} (14. a4 $142 {(Tyomkin,D)} Nc7 15. b5
Bd5 16. Rc1 Rc8 17. bxc6 Ne6 (17... Na6 18. Ng5 $16) 18. Ne1 $16)) (8... a5 9.
a3 axb4 10. axb4 Rxa1 11. Bxa1 Ne4 (11... h6 12. Nbd2 g5 13. d5 cxd5 14. cxd5
Na6 15. Qb3 Qb6 16. Bc3 Bd7 17. Nc4 Qc7 18. Bd4 Ne4 19. Bb6 Qc8 20. Bd4 $14 {
0-1 Alieva R-Semenova L/Simferopol'-Alushta 1992 (35)}) 12. Nbd2 Be6 13. d5 $5
(13. e3 b5 $11) (13. Qc2 Nxd2 14. Nxd2 d5 15. c5 f4 $132) 13... Bxa1 14. Nxe4
Bh8 15. Neg5 Bd7 16. Nd4 Qb6 17. Nge6 Rf7 $6 $14 {[%csl Rf7] 1/2-1/2 Bistric,
F-Neiksans,A/Batumi 1999/CBM 74/[Tsesarsky] (66)} (17... Rc8 $142 {Tsesarsky}
18. Qd2 Bxd4 (18... Na6 19. Nxf5 $1 $16) 19. Nxd4 Na6 20. Qe3 Kf7 (20... Re8
21. dxc6 bxc6 22. Nxc6 Qxe3 23. fxe3 $16) 21. Nxf5 Qxe3 22. Nxe3 Nxb4 $11)) (
8... Kh8 9. Qc2 Be6 10. Nbd2 Bg8 (10... Nbd7 11. a4 a6 12. Ng5 Bg8 13. e4 fxe4
14. Ngxe4 Nxe4 15. Nxe4 d5 16. cxd5 Bxd5 17. Rfe1 Nf6 18. Nc5 $14 {1/2-1/2
Lerner,K-Kindermann,S/Germany 1998/GER-chT (66)}) 11. a4 Nbd7 12. Rac1 (12. a5
a6 13. Rfe1 Rc8 14. e3 Qe8 15. Rac1 e5 16. dxe5 dxe5 17. e4 f4 18. c5 $14 {
1-0 Anand,V-De la Riva Aguado,O/Villarrobledo 2001/EXT 2002 (44)}) 12... a6 13.
Rfe1 Rc8 14. Qd3 $14 {1/2-1/2 Kindl,P-Malaniuk,V/Groningen 1990/CBM 22 (42)}) (
8... Be6 9. d5 cxd5 10. cxd5 Bf7 (10... Bxd5 11. Bxf6 Bxf3 12. Bxg7 Bxg2 13.
Bxf8 Bxf1 14. Bh6 $18 {[%cal Gd1d5]}) 11. Ng5 Na6 12. Nxf7 Rxf7 13. a3 Nc7 14.
Qd3 Qd7 15. Rc1 Raf8 16. Nd2 $14 {1-0 Gofshtein,L-Palatnik,S/Rishon Le Ziyyon
1997/CBM 62 ext (32)}) (8... h6 9. d5 cxd5 10. cxd5 Nbd7 11. Qb3 Nb6 12. Nd4
Bd7 13. a4 $36 {1-0 Zimmerman,Y-Nemeth,Z/Budapest 2000/EXT 2002 (36)}) 9. Qb3
Nc7 (9... Kh8 10. Nbd2 Be6 11. a3 Bg8 12. Rfd1 Nc7 13. Qc2 Qe8 14. e3 h6 15.
Nb3 g5 16. Na5 Rb8 17. Rac1 $14 {1-0 Ivanchuk,V-Grabarczyk,B/Warsaw 2002/CBM
92 ext (33)}) 10. a4 (10. Nc3 Kh8 11. d5 e5 12. dxe6 Bxe6 13. b5 cxb5 14. Nxb5
Nxb5 15. Qxb5 a6 16. Qb4 a5 17. Qb5 Rc8 18. Rac1 Qe8 $11 {0-1 Van Wely,
L-Bareev,E/Frankfurt 2000/CBM 76 ext (58)}) 10... a6 $6 {In my opinion,it was
better not to make any moves with pawns on the qside,because white is going to
play on that side.} (10... h6 11. Nc3 (11. b5 $5 Qe8 12. Nbd2 $14) 11... Qe8 (
11... Be6 {-see commented game 1/2-1/2 Nielsen,P-Kristensen,B/Taastrup 1998/
CBM 65/[Tyomkin,D] (30) Tyomkin,D}) 12. d5 cxd5 13. cxd5 Bd7 14. b5 Qf7 15. Nd4
Ng4 16. Nd1 f4 $132 {0-1 Kurajica,B-Topalov,V/Elenite 1992/CBM 32 (47)}) 11.
Nbd2 $1 $146 {[%mdl 8] The most comfortable place for the knight,since it's
important to keep control on c4.It's also more difficult for black to prepare
e7-e5.} (11. Nc3 $143 Qe8 $1 {[%cal Ge7e5,Ye8b5]} 12. a5 {In order to meet 12..
.e5 with 13.dxe5 dxe5 14.Na4 with a pressure} h6 13. Rfd1 d5 $1 14. Ne5 Be6 15.
Na4 dxc4 16. Nxc4 Qf7 17. Rac1 Nd7 $132 {0-1 Meenakshi,S-Kosintseva,T/Athens
2001/EXT 2002 (86)}) 11... Qe8 12. Ne1 ({There was also another standard plan
with e2-e4:} 12. Rae1 h6 13. e4 fxe4 14. Nxe4 Nxe4 15. Rxe4 Bf5 16. Re3 Qf7 17.
Nh4 $1 $14 {in order to meet} Be6 $140 {with} 18. d5 $1 cxd5 19. cxd5 Bxd5 20.
Bxd5 Nxd5 21. Rf3 Nf6 22. Nxg6 Qxb3 23. Rxb3 Rfe8 24. Nh4 $36 {and white's
initiative is quite unpleasant in the endgame.}) {That is a typical place for
Bc8,but here it cannot be connected with b7-b5 as white is prepared well for
that.} 12... Be6 ({I would prefer to start some active operations on the kside:
} 12... g5 13. Nd3 Qh5 14. Rae1 Be6 15. Qc2 $14 {and although black has no
attack,white has always to watch out for possible threats.}) 13. Nd3 Kh8 (13...
b5 14. Qc2 bxc4 15. Nxc4 Bd5 16. Na5 $14 {[%csl Rc6]}) 14. Qc2 Rc8 {Such a
moves are usually the sign that the position is not so good.Black has no
visible weaknesses,but his position is unpleasant-White has a solid space
advantage and can play on both sides.On the same time,black has no counterplay
at all .} ({after} 14... Bg8 15. Rfe1 Qf7 16. Rac1 {[%cal Ge2e4] white is able
to push e2-e4 anyway.}) 15. Rac1 Bg8 16. Rfe1 ({There was no reason to hurry
with 16.e4:} 16. e4 fxe4 17. Nxe4 Nxe4 18. Bxe4 Bxc4 19. Qxc4 d5 20. Bxd5 Nxd5
$11) 16... Ne6 {Black is trying to put pressure on Pd4 in view of the
following 17.e4.} ({another method of defence was:} 16... d5 17. c5 (17. Nc5
Rb8) (17. Ne5 dxc4 18. Ndxc4 Ncd5 $14) 17... Ne4 18. Nf3 Ne6 $14 {[%cal Gg6g5]
with a worse,but solid position.}) 17. e4 ({White had also a quiet option:} 17.
e3 b5 18. c5 Nd5 19. Ra1 $14 {with an unpleasant pressure on the qside.}) 17...
fxe4 18. Nxe4 Nxe4 19. Rxe4 d5 ({Here black had an interesting possibility:} 
19... b5 20. c5 ({Unsuccessfully is:} 20. Rce1 $6 bxc4 21. Nf4 Nxf4 22. Rxe7
Nxg2 23. Rxe8 Rcxe8 24. Rxe8 Rxe8 25. Kxg2 Bd5+ {and black has an excellent
compensation for a queen.}) ({the endgame is not bad for black after:} 20. cxb5
cxb5 21. Qxc8 Qxc8 22. Rxc8 Rxc8 23. axb5 axb5) 20... d5 21. Re5 Bxe5 22. Nxe5
$14 {with more than a sufficient compensation for an exchange.}) 20. cxd5 cxd5
21. Qxc8 dxe4 $2 {A very strange decision-black just loses a pawn without any
compensation.} ({It's clear,that black didn't like much the position after} 
21... Qxc8 22. Rxc8 Rxc8 23. Re2 Rc7 $1 {(maybe black has overlooked that
quiet move)} (23... Bxd4 $2 24. Rxe6 Bxb2 25. Rxe7 Bd4 26. Rxb7 Rc3 27. Bf1 $18
) 24. Ne5 b5 25. a5 Nd8 {but black's chanses of draw cannot be understated,as
he has no serious weaknesses.}) 22. Qxe8 Rxe8 23. Bxe4 Nxd4 ({hopeless was:} 
23... b6 24. Rc6 Nxd4 25. Rxb6) 24. Bxd4 $1 Bxd4 25. Bxb7 {Black cannot
exploit his pair of bishops.} e5 26. Be4 $1 $18 {An accurate move.White
prevents any possible counterplay of black.} ({only not} 26. a5 $2 e4 27. Re1
Bc3 28. Rxe4 Rxe4 29. Bxe4 Bc4 {with an excellent drawish chanses.}) 26... Bb3
27. a5 {Now 27.b5 is already a threat.} Rb8 (27... Kg7 28. b5 axb5 29. Rc7+ Kf6
30. a6 $18) 28. h4 {A useful move for an endgame-white is fixing black's pawns,
which white could attack by his bishop.} Ba4 {Black is trying to set-up some
blockade,puting his bishop on b5.} 29. Bc6 Bb3 30. Be4 Ba4 31. Rc7 {A decisive
penetration!} Bb5 32. Ne1 $1 {[%cal Ge1f3] Preventing some counterplay with 32.
..Rf8.} Be2 (32... Rf8 33. Nf3 $18) 33. Nc2 Bb2 {All black's hopes connected
with his dark-squared bishop.} (33... Bd1 {fails to} 34. Nxd4 exd4 35. Rc4 Rd8
36. Bd3 Bf3 37. Rc1 Rb8 38. Rb1 $18 {[%csl Ra6]}) 34. Kg2 Bd1 ({The power of
Rc7 is obvious in the following variation:} 34... Rd8 35. Ne3 Rd4 (35... Rd2
36. Nd5 $18 {[%cal Gd5f6]}) 36. Nd5 $1 Bc4 37. Nf6 $18) 35. Ne3 Bb3 (35... Ba4
{keeping control on spot b5 was also hopeless:} 36. Ng4 Rf8 37. h5 Bd1 38. hxg6
hxg6 39. Ne3 $18) 36. Ng4 Rf8 ({nothing changed} 36... Bd4 37. Nf6 Bg8 38. Bb7
Rf8 39. Ne4 Rb8 40. f3 $18) 37. b5 {The rest is like an agony.} (37. Rc6 $18)
37... Bd4 (37... axb5 38. a6 $18) 38. bxa6 Rf7 39. Rxf7 Bxf7 40. Nxe5 Be8 41.
Bc6 $1 {[%mdl 4] The point of that move is that white is freeing a way for his
monarch to b7 via c6.} (41. Bc6 Bxe5 42. Bxe8 Bd4 43. f4 Kg7 44. Kf3 Kf8 45.
Ke4 Bf2 46. Bxg6 hxg6 47. Kd5 Ke7 48. Kc6 $18) 1-0

[Event "American Continental 2nd"]
[Site "Buenos Aires"]
[Date "2003.08.26"]
[Round "8"]
[White "Wojtkiewicz, Aleksander"]
[Black "Julia, Ernesto"]
[Result "1-0"]
[WhiteElo "2543"]
[BlackElo "2387"]
[Annotator "Roiz,M"]
[PlyCount "63"]
[EventDate "2003.08.17"]
[EventType "swiss"]
[EventRounds "11"]
[EventCountry "ARG"]
[SourceTitle "CBM 097"]
[Source "ChessBase"]
[SourceDate "2003.11.11"]
[SourceVersion "1"]
[SourceVersionDate "2003.11.11"]
[SourceQuality "1"]

1. Nf3 f5 2. g3 g6 3. Bg2 Bg7 4. d4 d6 5. O-O Nh6 $6 {An original approach to
playing Dutch defence.Black wants to play e7-e5 without any preparating move
like Qe8.On the other hand,he may get some counterplay over the f-file in case
of e2-e4.That idea seems to be a dubious one,because black is not fighting for
a centre.} 6. c4 {This natural move is the most popular-white wants to sieze
more space on the queen side.Another plan here is to prepare e2-e4 without
c2-c4.} (6. Nc3 $5 c6 (6... O-O 7. e4 fxe4 8. Nxe4 $14) 7. e4 Nf7 8. Re1 e6 9.
exf5 gxf5 10. h4 O-O 11. Ng5 Qf6 12. Qh5 h6 13. Nxf7 Qxf7 14. Qxf7+ Kxf7 15.
Bf4 $14 {1-0 Spassov,L-Knaak,R/Rubinstein mem 1979}) (6. Nbd2 O-O 7. e4 e6 8.
Re1 Nc6 9. c3 Nf7 10. exf5 exf5 11. Nc4 Bd7 12. a4 $14 {Cvitan,O-Efimov,I/
Geneve op 1992}) 6... O-O 7. Nc3 c6 (7... Nc6 8. b3 (8. d5 $142 Ne5 9. Nxe5
dxe5 10. c5 e4 11. Qb3 Nf7 12. Rd1 $14) 8... Nf7 (8... e5 $5 9. Bg5 Qd7 10.
dxe5 Ng4) 9. Bb2 e5 10. dxe5 dxe5 11. Qxd8 Rxd8 $11 {1-0 Espig,L-Knaak,R/
DSV-Turnier 1978}) (7... Nf7 {[%cal Ge7e5]} 8. d5 (8. Ng5 $5 Nxg5 9. Bxg5 h6
10. Be3 $14) 8... e5 9. dxe6 Bxe6 10. Nd4 Bc8 $14) 8. e4 {[%csl Re7][%cal
Gf1e1,Ge1e7] The most agressive plan.White wants to put pressure on e7.} (8. d5
e5 9. dxe6 (9. Ng5 $5) 9... Bxe6 10. b3 $1 {[%csl Rh6]} Nf7 11. Nd4 Bd7 12. Bb2
$14 {1-0 Turna,S-Petran,P/SVK-chT 2002}) 8... Na6 {Too slowly.Now white has
enouth time to neutralize black's counterplay at all.} (8... fxe4 9. Nxe4 d5
10. Neg5 $1 (10. cxd5 cxd5 11. Nc3 Bg4 $132 {[%csl Rd4] 1-0 Vescovi,G-Pereira,
S/Sao Paulo-ch 1996}) 10... Nf5 (10... dxc4 11. Qe2 $36) 11. g4 (11. Qe2 $5)
11... Nd6 (11... Nh6 12. h3 dxc4 13. Qe2) 12. cxd5 cxd5 13. Ne5 $14 {1-0
Leitao,R-Pereira,S/Itau Cup 6th 2001}) 9. h3 $146 (9. Re1 Nf7 10. b3 $6 (10.
exf5 Bxf5 11. Nh4 Bd7 12. Be3 $14) 10... e5 11. Bb2 exd4 12. Nxd4 fxe4 13. Rxe4
Nc5 $132 {0-1 Prang,E-Bhend,E/Pizol op 1997}) 9... Nc7 (9... Nf7 {[%cal Ge7e5]}
10. exf5 Bxf5 11. g4 Bd7 12. Re1 e5 13. Be3 $14) 10. Re1 fxe4 {There is no
alternative for black-he has no useful moves.} 11. Nxe4 d5 12. cxd5 {Now white
can immediately take on d5 without thinking too much-black's knight is already
on c7 and cannot be placed on c6.} Nxd5 (12... cxd5 13. Nc3 Nf5 14. Bf4 $16 {
[%csl Rd5,Re5,Re7]}) 13. Nc3 $1 {Changing the most active piece of black.} Nf5
14. g4 Nd6 15. Bg5 $1 $16 {White's play is very energetic-black has no time to
consolidate his position.} (15. Qb3 $143 $6 e6 16. Bg5 Bf6 17. Bxf6 Qxf6 $132 {
[%cal Gd5f4]}) 15... Bf6 (15... Nf6 16. Qe2 Nf7 17. Bh4 Re8 18. Rad1 $16) 16.
Bh6 Bg7 (16... Re8 17. Nxd5 cxd5 18. Ne5 e6 19. Qf3 $16) 17. Bxg7 Kxg7 18. Nxd5
cxd5 19. Ne5 e6 20. Qe2 Re8 (20... Qf6 21. Rac1 {[%cal Gc1c7]} Nf7 22. Rc7 Kg8
23. Rec1 (23. Nxf7 Rxf7 24. Rxf7 Qxf7 25. Rc1 $16 {[%cal Ge2e5]}) 23... Nxe5
24. dxe5 $16) 21. Rac1 Bd7 22. Rc3 Bb5 {A loss of time. The bishop has nothing
to do here.} (22... Rc8 $142 23. Rxc8 Bxc8 $16) 23. Qe3 Rc8 24. Rxc8 Nxc8 25.
b3 {[%cal Ga2a4] Provoking black's next move.} Re7 $6 {That is probably a
decisive mistake-now white can start an immediate attack.} (25... Nd6 $142 26.
a4 Bd7 27. Rc1 $16) 26. h4 $1 Be8 27. Qf4 Nd6 28. Re3 {All white pieces are
very active and black cannot stop white's attack.} Rc7 {[%cal Gd8f6]} (28...
Nf7 29. h5 {[%cal Gh5g6,Ge3h3]} g5 30. h6+ $18 {[%cal Gf4f6]}) 29. Nd3 $1 $18 {
Just in time! Black cannot avoid material losses.} Bf7 30. Nc5 Rc6 (30... Kg8
31. Rxe6 Nb5 32. Re1 b6 33. Nd3 $18) 31. Rxe6 $1 Nb5 32. Nxb7 {[%mdl 2052]} 1-0

[Event "Abu Dhabi op 13th"]
[Site "Abu Dhabi"]
[Date "2003.08.23"]
[Round "7"]
[White "Bagirov, Rufat"]
[Black "Malyshev, Vasilij"]
[Result "1-0"]
[WhiteElo "2507"]
[BlackElo "2377"]
[Annotator "Roiz,M"]
[PlyCount "73"]
[EventDate "2003.08.16"]
[EventType "swiss"]
[EventRounds "9"]
[EventCountry "UAE"]
[SourceTitle "CBM 097"]
[Source "ChessBase"]
[SourceDate "2003.11.11"]
[SourceVersion "1"]
[SourceVersionDate "2003.11.11"]
[SourceQuality "1"]

{[%mdl 32]} 1. d4 d5 2. Nf3 e6 3. c4 c6 4. Qc2 f5 5. Bf4 Nf6 6. e3 Ne4 $6 {
Quite a rare continuation.Black can put his bishop either on e7 or on d6,so
black is waiting for another situation to decide.} ({The main continuation
here is:} 6... Be7 7. Bd3 O-O {and here white can choose between 2 different
plans:1)8.0-0 with a long positional play;2)8.Nc3,9.0-0-0 with a sharp play.})
7. Nc3 {The most natural place for a knight.} (7. Be2 Bb4+ 8. Nfd2 O-O 9. O-O
Bd6 10. Bxd6 Qxd6 11. Nc3 Nxd2 12. Qxd2 b6 13. f3 Rd8 14. Rad1 Ba6 15. cxd5
Bxe2 16. Qxe2 cxd5 17. e4 Nc6 $11 {1/2-1/2 Eslon,J-Arizmendi Martinez,J/
Mislata 1996/EXT 2000 (23)}) (7. Bd3 Na6 8. Be2 Bb4+ 9. Nbd2 g5 10. Be5 g4 11.
a3 gxf3 12. axb4 fxg2 13. Rg1 Rg8 14. b5 Nb4 15. Qb3 a5 $13 {1/2-1/2 Itkis,
B-Nevednichy,B/Kishnev 2001/EXT 2002 (27)}) (7. Nbd2 Nd7 8. Be2 Be7 9. h3 O-O
10. Bh2 Ndf6 11. O-O Bd7 12. Ne5 Nxd2 13. Qxd2 Be8 14. Qc2 Nd7 15. Nd3 $14 {
1/2-1/2 Popchev,M-Gelashvili,T/Antalya 2002/CBM 86 ext (53)}) 7... Nd7 8. Bd3
Ndf6 9. h3 Bd6 ({In my opinion,better was to leave the bishops on the board:} 
9... Be7 10. O-O O-O 11. Ne5 Nd7 $14) 10. Bxd6 $146 {The most simple.After
exchange of the dark squared bishops,white has a stable advantage.} (10. Be5
Qe7 11. c5 Bc7 12. Bxc7 Qxc7 13. g4 Qe7 14. O-O-O {1-0 Mendoza Contreras,
L-Perez Gutierrez,N/Santa Cruz de Tenerife 2002/CBM 86 ext (37)} O-O (14... b6
$2 15. cxb6 axb6 16. Nxe4 fxe4 17. Qxc6+ $18) 15. Ne5 $14) 10... Qxd6 11. O-O
$6 ({More accurate was} 11. c5 Qe7 12. b4) 11... O-O $6 ({better was:} 11... b6
12. cxd5 exd5 13. a3 O-O 14. b4 Bb7 $14 {with slighty better chanses for white.
}) 12. c5 $1 Qe7 13. b4 {White has got a typical advantage-he has a space
advantage and outpost on e5.} Nd7 (13... Bd7 14. Ne5 Be8 15. Ne2 Nd7 16. f3
Nxe5 17. dxe5 Ng5 18. Nd4 $16) 14. Ne2 e5 {Now white gets a brilliant outpost
on d4,but black has to fight for a space at least.} 15. Nxe5 Nxe5 16. dxe5 Qxe5
17. f4 $1 {A good strategical decision! Now white's knight will dominate on d4.
} Qe7 18. Bxe4 Qxe4 $2 {[%mdl 16384] A serious strategical mistake.The main
black's goal is to solve the problem of Bc8.That why he had to take with a
pawn ''d''.} (18... fxe4 $2 19. Nd4 Bd7 20. a4 a6 $16 {[%csl Gd4,Rd7]}) (18...
dxe4 $142 $1 19. Nd4 (19. Rfd1 Be6 20. Rd6 Rad8 21. Rad1 Bd5) 19... Be6 $14 {
[%cal Ge6d5]}) 19. Qxe4 dxe4 (19... fxe4 20. Nd4 Bd7 21. a4 Kf7 22. Rab1 Ke7
23. b5 Rab8 24. Rfc1 $16) 20. Nd4 {[%csl Rc8,Gd4]} Kf7 21. a4 a6 {It is clear
that black is trying to change as more pawns as he can.But now white gets
control of the ''a'' file.} ({another method of defence was:} 21... Be6 22. b5
cxb5 23. axb5 Rfc8 24. Rfc1 a5 25. Kf2 a4 26. Ra3 Kf6 27. Ke2 $16 {and white
has a huge advantage.}) 22. b5 axb5 23. axb5 Rxa1 $6 ({More resistant was:} 
23... Bd7 24. b6 Ke7 25. Kf2 g6 {although white has a clear plan: to create a
second weakness on the king side by g2-g4.}) 24. Rxa1 cxb5 25. Nxb5 {[%cal
Gb5d6]} Ke7 26. Nd6 Kd7 (26... Rd8 27. Ra8 Be6 28. Ra7 $1 (28. Rxd8 $2 Kxd8 29.
Nxb7+ Kc7 30. Na5 Bd5 {[%csl Ra5][%cal Gc7b8,Gb8a7,Ga7a6]}) 28... Rd7 (28...
Bc8 29. Kf2 Rxd6 30. cxd6+ Kxd6 31. Ke2 $18) 29. Rxb7 Rxb7 30. Nxb7 Kd7 31. Na5
Bd5 32. Kf2 Kc7 33. Ke1 $18 {[%cal Ge1d2,Gd2b4,Gd2c3]}) 27. Kf2 Kc7 28. Ra8 g6
(28... Rd8 29. Kg3 $1 Be6 (29... g6 30. Kh4 Bd7 31. Rxd8 Kxd8 32. Nxb7+ Kc7 33.
Na5 $18) 30. Ne8+ $1 Kd7 31. Rxd8+ Kxd8 32. Nxg7 Bd7 33. Kh4 h6 34. Kh5 Kc7 35.
Kxh6 Kc6 36. Kg5 Kxc5 37. Nxf5 $18) 29. g4 $1 {White can take on c8 at any
time,so he is just creating a passing pawn.} fxg4 (29... Rd8 30. Kg3 h6 31. Kh4
$18) 30. hxg4 h5 31. gxh5 (31. Rxc8+ Rxc8 32. Nxc8 Kxc8 33. f5 $18) 31... gxh5
32. Rxc8+ Rxc8 33. Nxc8 Kxc8 34. Kg3 Kd7 35. Kh4 Kc6 36. Kxh5 Kxc5 37. f5 {
[%mdl 16]} 1-0